| 000 | 01581nam a2200373 i 4500 | ||
|---|---|---|---|
| 001 | 17013106 | ||
| 003 | EG-ScBUE | ||
| 005 | 20230511135528.0 | ||
| 008 | 111020s2011 enka f b 001 0 eng d | ||
| 020 | _a9781845118648 | ||
| 035 | _a(OCoLC)ocn751532069 | ||
| 040 |
_aUKMGB _beng _erda _cUKMGB _dYDXCP _dERASA _dDEBSZ _dNDD _dCUI _dDLC _dEG-ScBUE |
||
| 082 | 0 | 4 |
_a778.936 _222 _bWEL |
| 100 | 1 |
_aWells, Liz, _d1948- _eauthor. |
|
| 245 | 1 | 0 |
_aLand matters : _blandscape photography, culture and identity / _cLiz Wells. |
| 264 | 1 |
_aLondon ; _aNew York : _bRoutledge, _c2011. |
|
| 300 |
_a333 pages : _billustrations (some color) ; _c24 cm |
||
| 336 |
_2rdacontent _atext _btxt |
||
| 337 |
_2rdamedia _aunmediated _bn |
||
| 338 |
_2rdacarrier _avolume _bnc |
||
| 504 | _aIncludes bibliographical references and index. | ||
| 650 | 7 |
_aLandscape photography. _2BUEsh |
|
| 650 | 7 |
_aLandscape photography _xSocial aspects. _2BUEsh |
|
| 650 | 7 |
_aLandscapes _xSocial aspects. _2BUEsh |
|
| 650 | 7 |
_aHuman geography. _2BUEsh |
|
| 653 |
_bART _cMay2023 |
||
| 655 | _vReading book | ||
| 856 | 4 | 2 |
_3Contributor biographical information _uhttp://www.loc.gov/catdir/enhancements/fy1208/2011293251-b.html |
| 856 | 4 | 2 |
_3Publisher description _uhttp://www.loc.gov/catdir/enhancements/fy1208/2011293251-d.html |
| 856 | 4 | 1 |
_3Table of contents only _uhttp://www.loc.gov/catdir/enhancements/fy1208/2011293251-t.html |
| 906 |
_a7 _bcbc _ccopycat _d2 _encip _f20 _gy-gencatlg |
||
| 942 |
_2ddc _cBB |
||
| 999 |
_c30345 _d30316 |
||